000 00752nam 22002293 4500
001 202634
010 _a972-31-0536-5
021 _aPT
_b208812/04
090 _a202634
100 _a20260619d u||y0pory50 ba
200 _aCartas a Lucílio
_fLúcio Aneu Séneca
_gtradução, prefácio e notas de J. A. Segurado e Campos
205 _a
210 _aLisboa
_cFundação Calouste Gulbenkian
_d2004
215 _a[LIV], 713, [5] p.
_cencadernado
_d22 cm
225 _aTextos clássicos
606 _97964
_aMoral. Ética. Filosofia prática
675 _a17
_vPT
_zpor
700 _917562
_aSéneca
_bLúcio Aneu
_fc. 4 a.C. – 65 d.C.
702 _917563
_aCampos
_bJosé António Segurado e
801 _aPT
_bBMMN
_gRPC
830 _cVanda
990 _cLIVROS